000
00254nam a2200097Ia 4500
001
1195815
005
20250827021754.0
008
250824s9999 xx 000 0 und d
245
0
_a
O.K MUSTİ TÜRKİYE TAMAMDIR
_c
ALEV ALATLI
260
_b
EVEREST YAYINLARI
999
_c
1195815
_d
1195815